| 000 | 01476cam a2200505 4500 | ||
|---|---|---|---|
| 008 | 090401t1998 xxu||||| |||| 00| 0 eng d | ||
| 020 | _a0750626615 | ||
| 035 | _a(Sirsi) u77647 | ||
| 041 | _aeng | ||
| 050 |
_a692.8 _c18 |
||
| 100 | _aRamus, Jack | ||
| 245 | _aContract practice for surveyors. | ||
| 250 | _a3rd ed. | ||
| 260 |
_aLondon _bLaxton`s _c1998 |
||
| 300 | _ax, 360p. ; 24cm. | ||
| 350 | _a18.99 | ||
| 520 | _a1998 reprint of the 3rd edition, published in 1996. | ||
| 650 | _aBONDS | ||
| 650 | _aBUILT ENVIRONMENT-BUILDING CONTRACT FORMS | ||
| 650 | _aBUILDING PROCUREMENT | ||
| 650 | _aCONSTRUCTION (DESIGN AND MANAGEMENT) REGULATIONS 1994 | ||
| 650 | _aCLAIMS | ||
| 650 | _aBUILT ENVIRONMENT-BUILDING CONTRACT FORMS-CONSTRUCTION COLLATERAL WARRANTY FORMS | ||
| 650 | _aCONSTRUCTION (DESIGN AND MANAGEMENT) REGULATIONS 1994 | ||
| 650 | _aCONTRACT PRACTICE | ||
| 650 |
_aDISPUTE RESOLUTION _96236 |
||
| 650 | _aFINAL ACCOUNTS | ||
| 650 | _aFLUCTUATIONS | ||
| 650 | _aGUARANTEES | ||
| 650 |
_aHEALTH AND SAFETY _96244 |
||
| 650 | _aINDEMNITY | ||
| 650 |
_aInsolvency _96247 |
||
| 650 |
_aInsurance _96249 |
||
| 650 | _aINTERIM VALUATIONS | ||
| 650 | _aPRIME COST | ||
| 650 | _aProcurement-old | ||
| 650 | _aTAXATION | ||
| 650 | _aTENDERING | ||
| 650 | _aTENDERS | ||
| 650 | _aVARIATIONS | ||
| 690 | _aBUILT ENVIRONMENT-BUILDING CONTRACT FORMS | ||
| 700 | _aBirchall, Simon | ||
| 942 | _n0 | ||
| 948 | _c08/04/1997 | ||
| 999 |
_c96337 _d96337 |
||